000
00257nam a2200109Ia 4500
008
220204s9999 xx 000 0 und d
082
_a
82-3
_b
MAC
100
_a
Alistair
245
4
_a
The Last frontier
260
_a
Great Britain
_b
Fontana
_c
1959
942
_c
BK
999
_c
29253
_d
29253